CZEGO NIE POWINNO SIĘ KRYTYKOWAĆ U KOBIET? - Statystyki

Ogólne statystyki
  • Ten quiz został rozwiązany 239 razy
  • Średni wynik to 3 z 6
Statystyki odpowiedzi
Odpowiedź % Poprawnych
WYGLĄDU
74%
WAGI
71%
WIEKU
46%
UBIORU
34%
URODY
19%
GOTOWANIA
16%
Nie znaleziono quizów pasujących do podanych kryteriów
Rozkład punktacji
Procent ludzi z każdym wynikiem
Percentyl według liczby udzielonych odpowiedzi
Twoja historia wyników
Nie rozwiązałeś tego quizu